| 000 | 01025cam a2200325 a 4500 | ||
|---|---|---|---|
| 008 | |||
| 020 | _a9781437703733 (hbk.) | ||
| 049 | _aMAIN | ||
| 050 | 0 | 0 |
_aRD768 _bYUE |
| 245 | 0 | 4 |
_aThe comprehensive treatment of the aging spine : _bminimally invasive and advanced techniques / _c James Joseph Yu, ...(et. al) |
| 260 |
_aPhiladelphia, PA : _bElsevier, _cc2011. |
||
| 300 |
_axiii, 475 p. : _bill. (some col.) ; _c29 cm. |
||
| 500 | _aincludes index. | ||
| 504 | _aIncludes bibliographical references | ||
| 650 | 0 |
_aSpine _xDiseases _xTreatment |
|
| 650 | 1 | 2 |
_aSpinal Diseases _xdiagnosis |
| 650 | 1 | 2 |
_aSpinal Diseases _xtherapy |
| 650 | 2 | 2 | _aAged |
| 650 | 2 | 2 |
_aAging _xphysiology |
| 650 | 2 | 2 | _aPhysical Therapy Modalities |
| 650 | 2 | 2 |
_aSpine _xsurgery |
| 700 | _aJohnson, Patrick J. | ||
| 700 | _aGuyer, Richard D. | ||
| 700 | 1 | _aYue, James J | |
| 907 |
_a.b10383311 _b22-09-17 _c21-09-17 |
||
| 003 | |||
| 005 | 20230123122258.0 | ||
| 040 | _cNUST | ||
| 942 | _cBOOKS | ||
| 999 |
_c130897 _d130897 |
||